00643nam a2200157 a 450000100100000000500170001000800410002704000250006810000350009324500690012826000770019730000220027404900090029695201630030599900170046800003229320200930063608.0110714s1941 dr 000 0 spa d aDO-SdBNPbspacBNPHU1 aMoreno Jimenes, Domingo93195010aÍndice de una vida :bDel mar viene todo /cD. Moreno Jimenes. aCiudad Trujillo, República Dominicana :bLibrería dominicana,c1941. a[24 p.] ;c16 cm. aBNPD 001050718RVaPDbPDcCTd2011-07-14iLF1l0o p32293-10r2020-06-25w2020-06-25y1zPerteneció a la biblioteca personal de Martínez BoogZNo se presta c31784d31784